Normal view
MARC view
- Ghulam Murtaza Solangi Muhammad Hassan Ahmad Khan
Entry Personal Name
001 - CONTROL NUMBER
- control field: 71246
003 - CONTROL NUMBER IDENTIFIER
- control field: NUST
005 - DATE AND TIME OF LATEST TRANSACTION
- control field: 20210628204619.0
008 - FIXED-LENGTH DATA ELEMENTS
- fixed length control field: 210628|| aca||aabn | a|a d
040 ## - CATALOGING SOURCE
- Original cataloging agency: NUST
- Transcribing agency: NUST
100 ## - HEADING--PERSONAL NAME
- Personal name: Ghulam Murtaza Solangi Muhammad Hassan Ahmad Khan
670 ## - SOURCE DATA FOUND
- Source citation: Work cat.: (NUST): Ghulam Murtaza Solangi Muhammad Hassan Ahmad Khan, PR-SOF-1439-Design of of Quadrature Receiver at 2.4 GHz, 2015
